<?xml version="1.0" encoding="UTF-8"?>
<record
    xmlns:xsi="http://www.w3.org/2001/XMLSchema-instance"
    xsi:schemaLocation="http://www.loc.gov/MARC21/slim http://www.loc.gov/standards/marcxml/schema/MARC21slim.xsd"
    xmlns="http://www.loc.gov/MARC21/slim">

  <leader>00800nam a22002177a 4500</leader>
  <controlfield tag="005">20150324154423.0</controlfield>
  <controlfield tag="008">140714b        xxu||||| |||| 00| 0 Urdu d</controlfield>
  <datafield tag="010" ind1=" " ind2=" ">
    <subfield code="a">UR-8783</subfield>
  </datafield>
  <datafield tag="020" ind1="q" ind2=" ">
    <subfield code="c">200.00</subfield>
  </datafield>
  <datafield tag="035" ind1=" " ind2=" ">
    <subfield code="a">U-7338</subfield>
  </datafield>
  <datafield tag="037" ind1=" " ind2=" ">
    <subfield code="b">DBAD/Pub.</subfield>
  </datafield>
  <datafield tag="040" ind1=" " ind2=" ">
    <subfield code="a">DPL</subfield>
    <subfield code="b">Urdu</subfield>
  </datafield>
  <datafield tag="082" ind1=" " ind2=" ">
    <subfield code="a">840.7</subfield>
  </datafield>
  <datafield tag="100" ind1=" " ind2=" ">
    <subfield code="a">&#x641;&#x627; &#x631; &#x648; &#x642;&#x6CC; &#x639;&#x628;&#x62F; &#x627;&#x644;&#x642;&#x627; &#x62F; &#x631; &#x63A;&#x64A;&#x627;  &#x62B; &#x627;&#x644;&#x62F; &#x64A;&#x646;</subfield>
  </datafield>
  <datafield tag="245" ind1=" " ind2=" ">
    <subfield code="a">&#x627; &#x645;&#x631; &#x64A;&#x6A9;&#x6C1; &#x645;&#x64A;&#x646; &#x6AF;&#x644;&#x632; &#x627; &#x631; &#x627; &#x631; &#x62F; &#x648; &#x627; &#x62F; &#x628;</subfield>
    <subfield code="b">&#x641;&#x627; &#x631; &#x648; &#x642;&#x6CC; &#x639;&#x628;&#x62F; &#x627;&#x644;&#x642;&#x627; &#x62F; &#x631; &#x63A;&#x64A;&#x627;  &#x62B; &#x627;&#x644;&#x62F; &#x64A;&#x646;</subfield>
  </datafield>
  <datafield tag="246" ind1=" " ind2=" ">
    <subfield code="a">America mein Gulzar-e- Urdu Adab</subfield>
    <subfield code="b">ByAbdul Qadeer Ghyasuddin Farooqui</subfield>
  </datafield>
  <datafield tag="260" ind1=" " ind2=" ">
    <subfield code="a">Karnataka India</subfield>
    <subfield code="b">Sakafia Eductional Trust</subfield>
    <subfield code="c">2011</subfield>
  </datafield>
  <datafield tag="270" ind1=" " ind2=" ">
    <subfield code="a">C/O S.S.Mukbil SadatSakaf Roza,Bijapur,586101</subfield>
  </datafield>
  <datafield tag="300" ind1=" " ind2=" ">
    <subfield code="a">194&#x635;</subfield>
    <subfield code="b">22C.m.(PB)</subfield>
  </datafield>
  <datafield tag="942" ind1=" " ind2=" ">
    <subfield code="2">ddc</subfield>
    <subfield code="c">UR</subfield>
    <subfield code="h">840.7</subfield>
    <subfield code="m">&#x641; &#x627; &#x631;</subfield>
  </datafield>
  <datafield tag="999" ind1=" " ind2=" ">
    <subfield code="c">92463</subfield>
    <subfield code="d">92463</subfield>
  </datafield>
  <datafield tag="952" ind1=" " ind2=" ">
    <subfield code="0">0</subfield>
    <subfield code="1">0</subfield>
    <subfield code="2">ddc</subfield>
    <subfield code="4">0</subfield>
    <subfield code="7">1</subfield>
    <subfield code="8">NFIC</subfield>
    <subfield code="a">DBAD</subfield>
    <subfield code="b">DBAD</subfield>
    <subfield code="d">2015-03-24</subfield>
    <subfield code="e">DBAD/Pub.</subfield>
    <subfield code="g">150.00</subfield>
    <subfield code="l">0</subfield>
    <subfield code="o">840.7 &#x641; &#x627; &#x631;</subfield>
    <subfield code="p">U-7338</subfield>
    <subfield code="r">2015-03-24 00:00:00</subfield>
    <subfield code="t">1</subfield>
    <subfield code="v">150.00</subfield>
    <subfield code="w">2015-03-24</subfield>
    <subfield code="y">UR</subfield>
  </datafield>
</record>
